[Event "Najdorf Memorial"]
[Site "Warsaw POL"]
[Date "2023.07.11"]
[Round "1.31"]
[White "Dmochowska, Agnieszka"]
[Black "Zubova, Mariya"]
[Result "1/2-1/2"]
[WhiteElo "1977"]
[BlackElo "2163"]

1. e4 c5 2. Nf3 Nc6 3. c3 Nf6 4. e5 Nd5 5. d4 cxd4 6. cxd4 d6 7. Nc3 dxe5
8. Bc4 Nxc3 9. bxc3 exd4 10. cxd4 e6 11. O-O Be7 12. Bb2 O-O 13. Qe2 Bf6
14. Rfd1 Ne7 15. Ba3 Re8 16. Ne5 Nd5 17. Qf3 a6 18. Bd3 g6 19. Be4 Kg7 20.
Bc1 Qe7 21. Bxd5 exd5 22. Qxd5 Rd8 23. Qb3 Bxe5 24. dxe5 Rxd1+ 25. Qxd1
Qxe5 26. Be3 Qe7 27. Qd4+ f6 28. Re1 Be6 29. Bd2 Re8 30. Bc3 Kf7 31. h4 Qd8
32. Qf4 Bf5 33. Rc1 Re4 34. Qf3 h5 35. Bb2 Qb6 36. Qc3 Rb4 37. Ba1 Rb1 38.
a3 Rxc1+ 39. Qxc1 Qb1 40. Qxb1 Bxb1 41. Kf1 Ke6 42. Ke2 Be4 43. g3 b5 44.
Bc3 g5 45. hxg5 fxg5 46. Ke3 Kd5 47. Bf6 g4 48. Bc3 Kc4 49. Bb4 Bf3 50. Kd2
Kb3 51. Kc1 Be4 52. Bd6 a5 53. Be7 b4 54. axb4 axb4 55. Bf6 Kc4 56. Kb2 b3
57. Be5 1/2-1/2

[Event "Najdorf Memorial"]
[Site "Warsaw POL"]
[Date "2023.07.11"]
[Round "1.32"]
[White "Padalka, Artem"]
[Black "Babiarz, Arkadiusz"]
[Result "1-0"]
[WhiteElo "2158"]
[BlackElo "1976"]

1. Nf3 d5 2. c4 d4 3. e3 Nc6 4. b4 dxe3 5. fxe3 Nxb4 6. d4 c5 7. a3 Na6 8.
d5 Nf6 9. Nc3 g6 10. e4 Bg7 11. e5 Ng4 12. Bf4 Qa5 13. Qd2 f6 14. e6 g5 15.
Nb5 Qd8 16. Bg3 f5 17. O-O-O h6 18. h3 Nf6 19. Bd3 f4 20. Bg6+ Kf8 21. Ne5
Ne4 22. Bxe4 Bxe5 23. Rhf1 Kg7 24. Bxf4 gxf4 25. Rxf4 Bxe6 26. Rdf1 Bf6 27.
Rxf6 exf6 28. Qf4 Bf7 29. Nd6 Kf8 30. Nxf7 Kxf7 31. Qf5 Rg8 32. Qh7+ Kf8
33. Qxh6+ Ke7 34. Qxf6+ Kd7 35. Qe6+ Kc7 36. Rf7+ Kb8 37. d6 Qb6 38. Rxb7+
Qxb7 39. Bxb7 Kxb7 40. Qd7+ Kb8 41. g4 Rh8 42. g5 1-0

[Event "Najdorf Memorial"]
[Site "Warsaw POL"]
[Date "2023.07.11"]
[Round "1.33"]
[White "Jedrusik, Adam"]
[Black "Praczukowski, Stanislaw"]
[Result "1-0"]
[WhiteElo "1970"]
[BlackElo "2147"]

1. d4 d5 2. c4 c6 3. Nf3 Nf6 4. e3 Bf5 5. Nc3 e6 6. Nh4 Bg6 7. Be2 Nbd7 8.
O-O Be7 9. Nxg6 hxg6 10. Qc2 Qc7 11. g3 dxc4 12. e4 Rd8 13. e5 Nd5 14. Bxc4
N7b6 15. Be2 Nxc3 16. bxc3 O-O 17. Be3 c5 18. Rfc1 Rc8 19. Qe4 cxd4 20.
Bxd4 Rfd8 21. Rab1 Bc5 22. Kg2 Bxd4 23. cxd4 Qxc1 24. Rxc1 Rxc1 25. Qxb7
Rd7 26. Qa6 Rcc7 27. Qb5 Nd5 28. Qb8+ Kh7 29. h4 Nb6 30. Ba6 Nd5 31. Bd3
Ne7 32. h5 Rc8 33. hxg6+ fxg6 34. Qb3 Rxd4 35. Qxe6 Rxd3 36. Qxe7 a5 37.
Qh4+ Kg8 38. Qe4 Rd7 39. Qxg6 Rf7 40. f4 Rfc7 41. a4 Rc2+ 42. Kh3 Rc1 43.
e6 R1c7 44. f5 Rf8 45. g4 Rc3+ 46. Kh4 Rc7 47. Qg5 Rf6 48. Qf4 Rb7 49. Qe4
Rb8 50. Qe5 Rh6+ 51. Kg5 Re8 52. Qxa5 Rf6 53. Qd5 Kh7 54. a5 Rff8 55. a6
Kh8 56. a7 Kh7 57. e7 1-0

[Event "Najdorf Memorial"]
[Site "Warsaw POL"]
[Date "2023.07.11"]
[Round "1.34"]
[White "Karwowski, Kacper"]
[Black "Rasmussen, Jonas H"]
[Result "1/2-1/2"]
[WhiteElo "2146"]
[BlackElo "1970"]

1. e4 e5 2. Nf3 Nc6 3. d4 exd4 4. Nxd4 Nf6 5. Nc3 Bc5 6. Be3 Bb6 7. Nxc6
bxc6 8. Bxb6 axb6 9. f4 d6 10. Be2 O-O 11. O-O d5 12. e5 Ne4 13. Nxe4 dxe4
14. c3 Qd5 15. a3 Qc5+ 16. Qd4 Qxd4+ 17. cxd4 Rd8 18. Rfd1 Ra4 19. Rac1
Raxd4 20. Rxd4 Rxd4 21. Rxc6 Be6 22. Rxc7 Rd2 23. Kf1 Rxb2 24. Rc3 g6 25.
g4 b5 26. h3 b4 27. axb4 Rxb4 28. Kf2 Kg7 29. Ke3 h5 30. gxh5 Bxh3 31. hxg6
Kxg6 32. Rc6+ Kg7 33. Bc4 Rb7 34. Bd5 Ra7 35. Rb6 Bf5 36. Rb3 Ra4 37. Rb7
Ra3+ 38. Kf2 e3+ 39. Kf3 Bg6 40. Bb3 Bh5+ 41. Kxe3 Bd1 42. Rxf7+ Kg8 43.
Rd7+ Bxb3 44. Rd3 Kf7 45. f5 Ke7 46. Rc3 Kd7 47. Kf4 Ra4+ 48. Kg5 Ba2 49.
Rh3 Ra6 50. Rh7+ Ke8 51. Rb7 Kf8 52. Rb8+ Kf7 53. Rb7+ Kf8 54. Rb4 Kf7 55.
f6 Ke6 56. Rb8 Kxe5 57. Re8+ Kd6 1/2-1/2

[Event "Najdorf Memorial"]
[Site "Warsaw POL"]
[Date "2023.07.11"]
[Round "1.35"]
[White "Smietanska, Wiktoria"]
[Black "Wiech, Grzegorz"]
[Result "0-1"]
[WhiteElo "1964"]
[BlackElo "2140"]

1. c4 c5 2. Nf3 Nf6 3. Nc3 d5 4. cxd5 Nxd5 5. d4 e6 6. e4 Nxc3 7. bxc3 cxd4
8. cxd4 Bb4+ 9. Bd2 Bxd2+ 10. Qxd2 O-O 11. Bc4 Nd7 12. O-O Nf6 13. Bd3 b6
14. Rac1 Bb7 15. Rfe1 Rc8 16. Bb1 Rxc1 17. Qxc1 Qe7 18. Qb2 Rc8 19. Nd2 Qc7
20. f3 h6 21. Nb3 Qc3 22. Qe2 Ba6 23. Qf2 Qb4 24. g4 Rc3 25. Rd1 Bc4 26.
Nd2 Qa4 27. Qe1 Bxa2 28. Bxa2 Qxa2 29. Qe2 Qc2 30. h4 Rd3 31. g5 hxg5 32.
hxg5 Nh7 33. g6 fxg6 34. d5 exd5 35. e5 Ng5 36. Kf2 Ne6 37. Kg3 Nd4 38. Qe1
Nxf3 39. Nxf3 Qxd1 0-1

[Event "Najdorf Memorial"]
[Site "Warsaw POL"]
[Date "2023.07.11"]
[Round "1.36"]
[White "Mirski, Stanislaw"]
[Black "Podgorski, Maciej"]
[Result "1-0"]
[WhiteElo "2139"]
[BlackElo "1960"]

1. d4 Nf6 2. Nf3 e6 3. g3 b6 4. Bg2 Bb7 5. O-O Be7 6. c4 O-O 7. Nc3 d6 8.
d5 e5 9. e4 c6 10. Nh4 cxd5 11. cxd5 Bc8 12. Nf5 Bxf5 13. exf5 Nbd7 14. g4
h6 15. f4 exf4 16. Bxf4 Ne5 17. h3 Rc8 18. Nb5 Qd7 19. Nd4 Nh7 20. a4 Rc5
21. Nc6 Bf6 22. Be3 Rc4 23. Qb3 Qc7 24. a5 bxa5 25. Rxa5 Rxc6 26. Rxa7 Qc8
27. dxc6 Nxc6 28. Rc1 Nxa7 29. Rxc8 Nxc8 30. Qa3 Re8 31. b4 Bd8 32. Bf2 Nf6
33. Bc6 Re7 34. Qa8 Rc7 35. b5 Kh7 36. b6 Nxb6 37. Bxb6 1-0

[Event "Najdorf Memorial"]
[Site "Warsaw POL"]
[Date "2023.07.11"]
[Round "1.37"]
[White "Hetzer, Volkhard"]
[Black "Rozycki, Bartlomiej"]
[Result "0-1"]
[WhiteElo "1952"]
[BlackElo "2135"]

1. Nf3 Nf6 2. d4 e6 3. Bg5 Be7 4. Nbd2 d5 5. e3 Nbd7 6. Bd3 b6 7. c3 Bb7 8.
O-O Ne4 9. Bxe7 Qxe7 10. Qc2 f5 11. Ne5 Nxe5 12. dxe5 O-O 13. f4 c5 14.
Rad1 Rfd8 15. c4 Nxd2 16. Rxd2 dxc4 17. Bxc4 Rxd2 18. Qxd2 Rd8 19. Qc3 Kf7
20. Qb3 Qd7 21. Rf2 Bc6 22. Qc3 Be4 23. h3 b5 24. Bf1 c4 25. b3 Bd5 26.
bxc4 bxc4 27. Rb2 Rc8 28. Kh2 Qc6 29. Rb4 Qc5 30. Rb2 h6 31. g4 g5 32. gxf5
exf5 33. Bg2 gxf4 34. exf4 Rg8 35. Rd2 Bc6 36. Bxc6 Qg1# 0-1

[Event "Najdorf Memorial"]
[Site "Warsaw POL"]
[Date "2023.07.11"]
[Round "1.38"]
[White "Persson, Andreas"]
[Black "Smetek, Michal"]
[Result "1-0"]
[WhiteElo "2135"]
[BlackElo "1943"]

1. d4 Nf6 2. Nf3 d5 3. g3 g6 4. Bg2 Bg7 5. O-O O-O 6. c4 c6 7. b3 Ne4 8.
Bb2 a5 9. Nc3 Bf5 10. e3 Nxc3 11. Bxc3 Be4 12. Qe2 c5 13. Rfd1 a4 14. Rac1
axb3 15. axb3 cxd4 16. Bxd4 Bxd4 17. Rxd4 Nc6 18. Rdd1 Qa5 19. h4 dxc4 20.
Qxc4 Bxf3 21. Bxf3 Ne5 22. Qd5 e6 23. Qe4 Nxf3+ 24. Qxf3 Qb5 25. Qf6 h5 26.
Rc7 Qxb3 27. Rdd7 Qb1+ 28. Kg2 Ra1 29. Kf3 Qh1+ 30. Kf4 Ra4+ 31. Kg5 Ra5+
32. Kh6 Qa1 33. Rd4 1-0

[Event "Najdorf Memorial"]
[Site "Warsaw POL"]
[Date "2023.07.11"]
[Round "1.39"]
[White "Wadelek, Karol"]
[Black "Jarzebowski, Kacper"]
[Result "0-1"]
[WhiteElo "1943"]
[BlackElo "2134"]

1. d4 Nf6 2. Nf3 g6 3. c4 Bg7 4. Nc3 O-O 5. e4 d6 6. Be2 e5 7. d5 c6 8. Bg5
h6 9. Bh4 Na6 10. Nd2 Nc7 11. g4 Bd7 12. f3 cxd5 13. cxd5 b5 14. b4 a5 15.
a3 a4 16. Rc1 Qb8 17. Bd3 Qb7 18. Qe2 Rac8 19. O-O Nh7 20. Be7 Qb6+ 21. Qf2
Qa6 22. Bxf8 Bxf8 23. h4 Be7 24. Ne2 Bd8 25. Kg2 Nf6 26. Rh1 Qb7 27. Ng3
Nh7 28. Rc2 Ne8 29. Nb1 Rb8 30. Nc3 Nhf6 31. Qe2 Kf8 32. Qd2 Ng8 33. Kf1
Ng7 34. Ke1 Qa7 35. Qe2 Qb6 36. Qf2 Qb7 37. Kd1 Nf6 38. Qe3 Ng8 39. Kc1 Bb6
40. Qd2 Qa7 41. Kb1 Be3 42. Qg2 Nf6 43. Nf1 Bd4 44. Qd2 h5 45. g5 Ng8 46.
Ne2 Bb6 47. f4 Ne8 48. Qc3 exf4 49. Nxf4 Bd4 50. Qd2 Ne7 51. Qg2 Be5 52.
Ne2 Bg4 53. Qg1 Qb7 54. Nc3 Nc7 55. Ne3 Bd4 56. Qe1 Bd7 57. Rf1 Kg8 58. Qc1
Rc8 59. Ne2 Be5 60. Qe1 Bh3 61. Rf3 Bd7 62. Qf1 Rf8 63. Qc1 Rc8 64. Qg1 Kg7
65. Nf4 Kg8 66. Bf1 Qb6 67. Bh3 Qd4 68. Ka2 Bxh3 69. Nxh3 Ncxd5 70. Rxc8+
Nxc8 0-1

[Event "Najdorf Memorial"]
[Site "Warsaw POL"]
[Date "2023.07.11"]
[Round "1.40"]
[White "Lisowski, Krzysztof"]
[Black "Lasota, Adam"]
[Result "1/2-1/2"]
[WhiteElo "2128"]
[BlackElo "1927"]

1. e4 b6 2. d4 Bb7 3. Bd3 e6 4. Nf3 c5 5. Nc3 cxd4 6. Nxd4 Nc6 7. Nxc6 Bxc6
8. a3 Qc7 9. Qf3 Nf6 10. g4 d5 11. Bf4 Qb7 12. exd5 Nxd5 13. Be4 Rc8 14.
Nxd5 exd5 15. Bf5 Rd8 16. O-O-O Be7 17. Rhe1 O-O 18. g5 Rfe8 19. h4 d4 20.
Qd3 g6 21. Be4 Bf8 22. Bxc6 Qxc6 23. Rxe8 Rxe8 24. Qxd4 Re4 25. Qd2 Qc4 26.
Bg3 Qa2 27. c3 Bxa3 28. bxa3 Qa1+ 29. Kc2 Qa2+ 30. Kc1 Qa1+ 31. Kc2 Qa2+
1/2-1/2

[Event "Najdorf Memorial"]
[Site "Warsaw POL"]
[Date "2023.07.12"]
[Round "2.1"]
[White "Mickiewicz, Piotr"]
[Black "Kazakouski, Valery"]
[Result "0-1"]
[WhiteElo "2245"]
[BlackElo "2539"]

1. e4 c5 2. Nc3 Nc6 3. Nf3 d6 4. d4 cxd4 5. Nxd4 Nf6 6. Bg5 e6 7. Qd2 a6 8.
O-O-O Bd7 9. f4 b5 10. Bxf6 gxf6 11. Kb1 Qb6 12. Nxc6 Bxc6 13. f5 b4 14.
Ne2 e5 15. Ng3 h5 16. h4 Qc5 17. b3 Ke7 18. Bc4 Bh6 19. Qe2 Bb5 20. Rh3
Bxc4 21. bxc4 Qe3 22. Qf1 Rac8 23. Nxh5 Qxe4 24. Qf2 Rhd8 25. Qa7+ Kf8 26.
Nxf6 Qxc4 27. Qf2 d5 28. Nh7+ Ke7 29. f6+ Ke8 30. Ng5 e4 31. g4 Qc6 32. Rh2
Qc7 33. Rg2 Qe5 34. Nxf7 Kxf7 35. g5 e3 36. Qf3 Qe4 37. Qh5+ Ke6 38. Qe2
Bf8 39. Rg4 Qe5 40. Qxa6+ Bd6 41. Qe2 b3 42. axb3 Ra8 43. Rgd4 Bc5 44. Qg4+
Qf5 45. Qxf5+ Kxf5 46. Rf1+ Kg6 47. Rg4 Kh5 48. Rgf4 Bd6 49. Rf5 Bb4 50.
g6+ Kxg6 51. Rg5+ Kf7 52. Rg7+ Ke6 53. c3 Bxc3 54. Re7+ Kd6 55. Kc2 Bxf6
56. Rxe3 Rdc8+ 57. Kd3 Rc3+ 58. Ke2 Rxe3+ 59. Kxe3 Bxh4 0-1

[Event "Najdorf Memorial"]
[Site "Warsaw POL"]
[Date "2023.07.12"]
[Round "2.2"]
[White "Rozentalis, Eduardas"]
[Black "Karpus, Michal"]
[Result "1-0"]
[WhiteElo "2496"]
[BlackElo "2212"]

1. e4 e6 2. d4 d5 3. Nd2 Nf6 4. e5 Nfd7 5. Bd3 c5 6. c3 Nc6 7. Ne2 cxd4 8.
cxd4 f6 9. exf6 Nxf6 10. Nf3 Bd6 11. O-O Qc7 12. Bd2 O-O 13. Rc1 a6 14. g3
Nh5 15. Nc3 g6 16. Bh6 Rf6 17. Re1 Ng7 18. Ne5 Qb6 19. Na4 Qxd4 20. Ng4 Rf8
21. Be3 Qb4 22. a3 Qa5 23. Bb6 1-0

[Event "Najdorf Memorial"]
[Site "Warsaw POL"]
[Date "2023.07.12"]
[Round "2.3"]
[White "Mulawa, Cyprian"]
[Black "Jakubowski, Krzysztof"]
[Result "1/2-1/2"]
[WhiteElo "2202"]
[BlackElo "2486"]

1. d4 Nf6 2. c4 e6 3. Nf3 b6 4. g3 Bb4+ 5. Bd2 Be7 6. Bg2 Bb7 7. Nc3 c6 8.
O-O d5 9. Bf4 O-O 10. Ne5 Nfd7 11. cxd5 cxd5 12. e4 Nxe5 13. Bxe5 dxe4 14.
Nxe4 Nc6 15. Qg4 g6 16. Nc3 Qd7 17. Rad1 Rad8 18. a3 Qc8 19. Qe4 Nxe5 20.
Qxb7 Qxb7 21. Bxb7 Nc4 22. Ba6 Nd6 23. Rd2 Bf6 24. Rfd1 Kg7 25. Nb5 Ne4 26.
Rd3 Rd7 27. f3 Nd6 28. d5 Nxb5 29. Bxb5 Rxd5 30. Rxd5 exd5 31. Rxd5 Bxb2
32. a4 Rc8 33. Rd7 a5 34. Rd2 Ba3 35. Kg2 g5 36. Rd5 h6 37. h4 gxh4 38.
gxh4 Kf6 39. Kg3 Ke6 40. Rd3 Rg8+ 41. Kf4 Bc1+ 42. Ke4 f5+ 43. Kd4 Rd8+ 44.
Kc3 Rc8+ 45. Kb3 Ke5 46. Bc4 Rc5 47. Rc3 Bd2 48. Rc2 Be1 49. h5 Kf4 50. Re2
Bh4 51. Re6 Bg5 52. Rxb6 Kxf3 53. Rb5 Rxb5+ 54. Bxb5 f4 55. Kc2 Be7 56. Kd3
Kf2 57. Bc6 Bc5 58. Bd5 Bb6 59. Bc6 Bc5 60. Bd5 f3 61. Bc6 Kg3 62. Bd5 Kg4
63. Bf7 Kh4 64. Be8 Kh3 65. Bc6 Kg3 66. Bd5 Kf4 67. Bc6 Kg4 68. Be8 Kh3 69.
Bc6 Kg3 70. Bd5 f2 71. Ke2 1/2-1/2

[Event "Najdorf Memorial"]
[Site "Warsaw POL"]
[Date "2023.07.12"]
[Round "2.4"]
[White "Fiszer, Bartosz"]
[Black "Sengupta, Deep"]
[Result "1/2-1/2"]
[WhiteElo "2194"]
[BlackElo "2456"]

1. e4 e6 2. d4 d5 3. Nd2 h6 4. c3 c5 5. exd5 exd5 6. Ngf3 Nf6 7. Bb5+ Bd7
8. Qe2+ Be7 9. dxc5 O-O 10. Nb3 a6 11. Bd3 a5 12. Be3 a4 13. Nbd4 Re8 14.
O-O Bxc5 15. Qc2 Ng4 16. Bf4 Nc6 17. Nxc6 bxc6 18. h3 Nf6 19. Ne5 Re7 20.
Nxd7 Qxd7 21. Rae1 Qe8 22. Rxe7 Qxe7 23. c4 Nh5 24. Bh2 Bd6 25. cxd5 Bxh2+
26. Kxh2 Qe5+ 27. g3 cxd5 28. Rc1 g6 29. Qc3 Qf6 30. Qxf6 Nxf6 31. a3 Rb8
32. Rc2 Kf8 33. Kg2 Nd7 34. Kf1 Ke7 35. Rd2 Ke6 36. Bb1 Rb5 37. Bc2 Nb6 38.
Bd3 Rb3 39. Bc2 Rb5 40. Bd3 Rb3 41. Bc2 1/2-1/2

[Event "Najdorf Memorial"]
[Site "Warsaw POL"]
[Date "2023.07.12"]
[Round "2.5"]
[White "Jarmula, Lukasz"]
[Black "Kowalczyk, Rafal"]
[Result "0-1"]
[WhiteElo "2435"]
[BlackElo "2173"]

1. d4 Nf6 2. Nc3 d5 3. Bf4 a6 4. e3 e6 5. g4 h6 6. h4 c5 7. Qf3 Nc6 8.
O-O-O b5 9. g5 b4 10. Nb1 Ne4 11. Bd3 hxg5 12. Bxg5 Nxg5 13. hxg5 Rxh1 14.
g6 f5 15. Qxh1 cxd4 16. exd4 Nxd4 17. Nd2 Qf6 18. Ne2 Nxe2+ 19. Bxe2 Bc5
20. Nf3 Bb7 21. Qh2 f4 22. Re1 O-O-O 23. Bd3 Re8 24. Re5 Bd4 25. Qh5 Bxf2
26. Qg5 Be3+ 27. Kb1 Qxg5 28. Nxg5 Kd7 29. Rxe6 Rxe6 30. Bf5 Ke7 31. Nxe6
Kf6 32. Bg4 d4 33. Nc5 Bg2 34. Nxa6 f3 35. Nxb4 f2 36. Be2 f1=Q+ 37. Bxf1
Bxf1 38. a4 Kxg6 39. a5 Bd2 40. Nc6 Kf6 41. Nxd4 Bxa5 42. c3 Bb6 43. Kc2
Bxd4 0-1

[Event "Najdorf Memorial"]
[Site "Warsaw POL"]
[Date "2023.07.12"]
[Round "2.6"]
[White "Zalega, Maciej"]
[Black "Sieciechowicz, Marcin"]
[Result "0-1"]
[WhiteElo "2182"]
[BlackElo "2395"]

1. e4 c5 2. Nf3 d6 3. d4 cxd4 4. Nxd4 Nf6 5. Nc3 a6 6. h4 e5 7. Nb3 Be7 8.
Bg5 Be6 9. Bxf6 Bxf6 10. g3 Be7 11. Qd2 Nd7 12. O-O-O Nf6 13. f4 Rc8 14. f5
Bd7 15. Qg2 h5 16. Be2 Qc7 17. g4 hxg4 18. Bxg4 b5 19. Bf3 Bc6 20. Rd2 b4
21. Nd5 Bxd5 22. exd5 a5 23. Qf1 a4 24. Na1 Qc4 25. Qxc4 Rxc4 26. h5 Rf4
27. Bd1 Ne4 28. Rg2 Bg5 29. Kb1 Nf2 30. Rhg1 Nxd1 31. Rxg5 Ne3 32. c3 bxc3
33. bxc3 Rxf5 34. Rxf5 Nxf5 35. Nc2 Rxh5 36. Kb2 Rh2 0-1

[Event "Najdorf Memorial"]
[Site "Warsaw POL"]
[Date "2023.07.12"]
[Round "2.7"]
[White "Padalka, Artem"]
[Black "Langheinrich, Ferenc"]
[Result "0-1"]
[WhiteElo "2158"]
[BlackElo "2385"]

1. Nf3 g6 2. c4 Bg7 3. g3 c5 4. Bg2 Nc6 5. Nc3 e6 6. h4 h6 7. d3 d5 8. cxd5
exd5 9. Bf4 Nf6 10. Qd2 Nh5 11. Qe3+ Be6 12. Qxc5 Nxf4 13. gxf4 Rc8 14. Nb5
Bf8 15. Qe3 Qa5+ 16. Nc3 Ba3 17. Rb1 Bxb2 18. Rxb2 d4 19. Qc1 dxc3 20. Rxb7
c2+ 21. Nd2 Nd4 22. e3 O-O 23. exd4 Bd5 24. Re7 Bxg2 25. Rg1 Qa3 26. Qxa3
c1=Q+ 27. Qxc1 Rxc1+ 28. Ke2 Rxg1 29. f3 Bh3 30. a4 Rb8 31. Nc4 Be6 32.
Rxa7 Bxc4 33. dxc4 Rb3 34. Kf2 Rc1 35. c5 Rc2+ 36. Kg3 Rcc3 37. f5 Rxf3+
38. Kg4 Rxf5 39. h5 Rbf3 40. hxg6 R5f4+ 41. Kh5 Rh3# 0-1

[Event "Najdorf Memorial"]
[Site "Warsaw POL"]
[Date "2023.07.12"]
[Round "2.8"]
[White "Wiech, Grzegorz"]
[Black "Cukrowski, Filip"]
[Result "0-1"]
[WhiteElo "2140"]
[BlackElo "2378"]

1. e4 c5 2. Nf3 e6 3. d4 cxd4 4. Nxd4 Nc6 5. Nb5 d6 6. c4 a6 7. N5c3 Nf6 8.
Be3 Be7 9. Be2 O-O 10. O-O Qc7 11. Nd2 b6 12. Rc1 Qb7 13. f4 Rd8 14. Kh1
Rb8 15. Qe1 d5 16. cxd5 exd5 17. e5 Ng4 18. Bg1 Nh6 19. Bd3 Nb4 20. Bb1 Bf5
21. Nf3 Nd3 22. Bxd3 Bxd3 23. Ne2 Nf5 24. Qd2 Be4 25. Ned4 Nxd4 26. Bxd4
Qd7 27. Qe3 Qb5 28. h3 Bc5 29. Bxc5 bxc5 30. Ng5 Qd3 31. Qxc5 Rxb2 32. Nxe4
Qxe4 33. Rf2 Rxf2 34. Qxf2 d4 35. Qf3 Qxf3 36. gxf3 Kf8 37. f5 d3 38. Kg2
Ke7 39. Kf2 d2 40. Rd1 f6 41. f4 Rd5 42. Kg3 g6 43. fxg6 hxg6 44. Kf3 fxe5
45. fxe5 Ke6 46. Kf4 Rd4+ 47. Kg5 Kxe5 48. Kxg6 Ke4 49. h4 Ke3 50. h5 Ke2
0-1

[Event "Najdorf Memorial"]
[Site "Warsaw POL"]
[Date "2023.07.12"]
[Round "2.9"]
[White "Mis, Mieszko"]
[Black "Mirski, Stanislaw"]
[Result "1-0"]
[WhiteElo "2350"]
[BlackElo "2139"]

1. d4 d5 2. Nf3 e6 3. g3 Nf6 4. Bg2 b5 5. O-O Bb7 6. a4 b4 7. c4 Be7 8.
cxd5 Bxd5 9. Bg5 c5 10. dxc5 Na6 11. c6 Bxc6 12. Qxd8+ Rxd8 13. Rc1 Nc5 14.
Nbd2 O-O 15. Be3 Nfd7 16. Nd4 Bxg2 17. Kxg2 Rc8 18. Rc2 a5 19. Rac1 Nb6 20.
b3 Rfd8 21. Nc4 Nd5 22. Nxa5 Nxe3+ 23. fxe3 Rd5 24. Nac6 Bf8 25. Nxb4 Re5
26. Nd3 Nxd3 27. Rxc8 Nxc1 28. Nc6 1-0

[Event "Najdorf Memorial"]
[Site "Warsaw POL"]
[Date "2023.07.12"]
[Round "2.10"]
[White "Rozycki, Bartlomiej"]
[Black "Cherniaiev, Tykhon"]
[Result "1-0"]
[WhiteElo "2135"]
[BlackElo "2331"]

1. d4 Nf6 2. c4 e6 3. Nc3 d5 4. cxd5 exd5 5. Bg5 Be7 6. e3 c6 7. Bd3 h6 8.
Bh4 O-O 9. Qc2 Nbd7 10. Nge2 Re8 11. O-O Ne4 12. Bxe7 Qxe7 13. Bxe4 dxe4
14. d5 Nf6 15. dxc6 bxc6 16. Qa4 Bb7 17. Rfd1 c5 18. Qa5 Ng4 19. Ng3 Qh4
20. h3 Nxe3 21. Rd7 Nc2 22. Qc7 e3 23. Rxf7 exf2+ 24. Kh2 Qg5 25. Rf1 Bxg2
26. Nf5 Kh8 27. Rxf2 Rac8 28. Qg3 Qxg3+ 29. Kxg3 Ne1 30. Nd6 Re3+ 31. Kf4
Rxc3 32. bxc3 Rc6 33. Rd2 c4 34. Kg3 Nd3 35. Rxg2 Rxd6 36. Kh2 Ne5 37. Rxa7
Nf3+ 38. Kg3 Ng5 39. Kg4 Rd3 40. h4 Ne4 41. Kf4 Nf6 42. Ke5 Nh5 43. Rc2 Rh3
44. a4 Rxh4 45. a5 Nf6 46. Ra2 Ne4 47. Ra3 Nd2 48. Rb7 Rh5+ 49. Ke6 Nb3 50.
Rb8+ Kh7 51. a6 Nc5+ 52. Kd6 Nxa6 53. Rxa6 Rh3 54. Ra3 h5 55. Ke5 Rg3 56.
Rc8 h4 57. Rxc4 h3 58. Rh4+ Kg6 59. Kf4 Rd3 60. Ra6+ Kf7 61. Rc6 Rd1 62.
Rxh3 Rf1+ 63. Rf3 Rd1 64. Rc7+ Kg8 65. c4 Rc1 66. c5 Rc4+ 67. Kg5 Rc1 68.
Rc8+ Kh7 69. Rh3# 1-0

[Event "Najdorf Memorial"]
[Site "Warsaw POL"]
[Date "2023.07.12"]
[Round "2.11"]
[White "Persson, Andreas"]
[Black "Deszczynski, Adam"]
[Result "1/2-1/2"]
[WhiteElo "2135"]
[BlackElo "2321"]

1. d4 d6 2. Nf3 f5 3. g3 Nf6 4. Bg2 g6 5. O-O Bg7 6. b3 O-O 7. Bb2 c6 8. c4
Na6 9. Nbd2 e5 10. dxe5 Ng4 11. Qc2 Nxe5 12. a3 Nc5 13. b4 Ne6 14. Rfd1 Qe7
15. e3 a5 16. Nxe5 Bxe5 17. Bxe5 dxe5 18. c5 axb4 19. axb4 Rxa1 20. Rxa1 f4
21. Nc4 Ng5 22. Qb2 Nh3+ 23. Bxh3 Bxh3 24. Qxe5 Qxe5 25. Nxe5 fxe3 26. fxe3
Re8 27. Nd3 Rxe3 28. Nf4 Bc8 29. Kf2 1/2-1/2

[Event "Najdorf Memorial"]
[Site "Warsaw POL"]
[Date "2023.07.12"]
[Round "2.12"]
[White "Sriram, Jha"]
[Black "Janeczko, Jakub"]
[Result "1/2-1/2"]
[WhiteElo "2315"]
[BlackElo "2085"]

1. d4 Nf6 2. c4 c5 3. d5 b5 4. Nf3 b4 5. a3 g6 6. axb4 cxb4 7. e4 Nxe4 8.
Qd4 Nf6 9. Rxa7 Rxa7 10. Qxa7 Na6 11. Be3 d6 12. Be2 Bg7 13. O-O Qd7 14.
Nbd2 Qxa7 15. Bxa7 O-O 16. Ra1 Nd7 17. Bd4 Ndc5 18. Bxg7 Kxg7 19. Nd4 Bb7
20. N2b3 Ra8 21. f4 Kf6 22. Kf2 Nxb3 23. Nxb3 Nc5 24. Rxa8 Bxa8 25. Nxc5
dxc5 26. g4 Bb7 27. g5+ Kg7 28. Bg4 Ba6 29. b3 f5 30. Bf3 Kf8 1/2-1/2

[Event "Najdorf Memorial"]
[Site "Warsaw POL"]
[Date "2023.07.12"]
[Round "2.13"]
[White "Jarzebowski, Kacper"]
[Black "Kaczmarek, Aleksander"]
[Result "0-1"]
[WhiteElo "2134"]
[BlackElo "2313"]

1. e4 c6 2. Nc3 d5 3. Nf3 Bg4 4. h3 Bxf3 5. Qxf3 e6 6. Be2 Bc5 7. O-O d4 8.
Nb1 Ne7 9. d3 Ng6 10. Qg3 e5 11. Bh5 Bd6 12. Bxg6 hxg6 13. f4 Qh4 14. Qxh4
Rxh4 15. fxe5 Bxe5 16. Nd2 Nd7 17. Nf3 Rh5 18. Nxe5 Nxe5 19. Bf4 f6 20. a4
Ke7 21. Kf2 Ke6 22. Ke2 Rhh8 23. a5 c5 24. Bxe5 Kxe5 25. c4 Rhb8 26. b4
cxb4 27. Rfb1 b5 28. Rxb4 bxc4 29. Rxc4 Rb2+ 30. Kf3 Rd2 31. Rc5+ Ke6 32.
Ra3 Rb8 33. Rc6+ Kf7 34. Rc7+ Kg8 35. Rd7 Rbb2 36. g3 Rf2+ 37. Kg4 Kh7 38.
Rxd4 Rbe2 39. Ra1 Kh6 40. Rd5 Re3 41. Rg1 Rxd3 42. Rg2 f5+ 43. exf5 gxf5+
0-1

[Event "Najdorf Memorial"]
[Site "Warsaw POL"]
[Date "2023.07.12"]
[Round "2.14"]
[White "Yezhel, Valiantsin"]
[Black "Zheng, Harry Z"]
[Result "1-0"]
[WhiteElo "2284"]
[BlackElo "2063"]

1. d4 Nf6 2. c4 e6 3. g3 d5 4. Bg2 Be7 5. Nf3 O-O 6. O-O dxc4 7. Qc2 a6 8.
a4 Bd7 9. Qxc4 Bc6 10. Bg5 Bd5 11. Qc2 Be4 12. Qc1 h6 13. Bxf6 Bxf6 14. Nc3
Bxf3 15. Bxf3 c6 16. Rd1 a5 17. Ne4 Be7 18. Qc4 Na6 19. h4 Qb6 20. e3 Rfd8
21. h5 Rd7 22. Kg2 Rad8 23. Rdc1 Qc7 24. b3 Rc8 25. Ra2 Rdd8 26. Nc3 Nb4
27. Rd2 e5 28. Bg4 Rb8 29. d5 Qb6 30. Rcd1 cxd5 31. Nxd5 Nxd5 32. Rxd5 Rxd5
33. Rxd5 Qc6 34. Qxc6 bxc6 35. Rxe5 Bb4 36. Bf3 Rc8 37. Be4 Kf8 38. f4 Rc7
39. Kf3 c5 40. Bd3 Rd7 41. Bb5 Rd8 42. g4 Ba3 43. Ke4 Bb4 44. Kf5 Ba3 45.
g5 hxg5 46. fxg5 f6 47. gxf6 gxf6 48. Re6 Bb2 49. Kg6 Kg8 50. Re7 f5 51.
Bc4+ Kf8 52. Rf7+ 1-0

[Event "Najdorf Memorial"]
[Site "Warsaw POL"]
[Date "2023.07.12"]
[Round "2.15"]
[White "Wojtaszewski, Piotr"]
[Black "Chomczyk, Marek"]
[Result "1/2-1/2"]
[WhiteElo "1994"]
[BlackElo "2277"]

1. d4 Nf6 2. Nf3 g6 3. Bf4 Bg7 4. e3 d6 5. Be2 O-O 6. h3 Nbd7 7. O-O b6 8.
c3 Bb7 9. Nbd2 Re8 10. Qc2 e5 11. Bg3 Qe7 12. dxe5 dxe5 13. Nc4 Ne4 14. Bh2
Nd6 15. Nxd6 cxd6 16. e4 Nc5 17. Nd2 d5 18. exd5 Bxd5 19. Rfe1 Qb7 20. Bf1
Rad8 21. b4 Nd7 22. Nc4 Qc6 23. Ne3 Be6 24. Rad1 Rc8 25. c4 f5 26. Qb1 a5
27. a3 Qa4 28. bxa5 Qxa5 29. Qb5 Rc5 30. Qxa5 Rxa5 31. Nd5 Rc5 32. f4 e4
33. Bg3 Bxd5 34. cxd5 e3 35. Kh2 Bc3 36. Re2 Bd2 37. Be1 Bxe1 38. Rdxe1 Rc3
39. Rb2 Kf8 40. Bb5 Rd8 41. Bxd7 Rxd7 42. Rxb6 1/2-1/2

[Event "Najdorf Memorial"]
[Site "Warsaw POL"]
[Date "2023.07.12"]
[Round "2.16"]
[White "Ladan, Nicholas"]
[Black "Zhuk, Ivan"]
[Result "1-0"]
[WhiteElo "2260"]
[BlackElo "2017"]

1. d4 Nf6 2. c4 g6 3. Nf3 Bg7 4. g3 c6 5. Bg2 d5 6. cxd5 cxd5 7. O-O O-O 8.
Ne5 Nc6 9. Nc3 Bf5 10. Nxc6 bxc6 11. Bf4 Qb6 12. Qd2 Ne4 13. Nxe4 Bxe4 14.
Rfd1 Rac8 15. Bh3 Rce8 16. Rac1 e5 17. dxe5 Bxe5 18. Bxe5 Rxe5 19. Qd4 Qxd4
20. Rxd4 Rb8 21. b4 Rb6 22. a4 a5 23. bxa5 Ra6 24. Rc5 Re7 25. f3 Bb1 26.
Rb4 Ba2 27. Bc8 Raa7 28. Kf2 Rec7 29. Bh3 Ra8 30. Rb6 Rca7 31. Rbxc6 Rxa5
32. Rc8+ Rxc8 33. Rxc8+ Kg7 34. Bd7 Bc4 35. Rb8 Kf6 36. Ke3 Ra7 37. Bb5 Bb3
38. Rb6+ Ke7 39. Bc6 Bxa4 40. Bxd5 Bd7 41. Kf4 f6 42. g4 g5+ 43. Kg3 Ra1
44. Rb7 Kd6 45. Be4 h6 46. Rb8 Rg1+ 47. Kf2 Rh1 48. Kg2 Re1 49. Bd3 Ke5 50.
Rh8 Bc6 51. Rxh6 Rd1 52. Kf2 Rh1 53. Ke3 Bd5 54. Rh5 Bf7 55. Rh8 Bd5 56.
Re8+ Kd6 57. Kd4 Bf7 58. Rh8 Bb3 59. Rh7 Be6 60. Rh6 Ke7 61. Ke3 Bd5 62.
Kf2 Ke6 63. Kg2 Rd1 64. h4 Ke5 65. hxg5 fxg5 66. Rg6 Kf4 67. Kf2 Bxf3 68.
Rf6+ Kxg4 69. Rxf3 Kh4 70. Rf8 g4 71. Rh8+ Kg5 72. Rg8+ Kh4 73. Bf5 Rd5 74.
Bxg4 Rd6 75. Bf3 Rd2 76. Rg4+ Kh3 77. Rf4 1-0